| 000 | 00766cab a22001935a 4500 | ||
|---|---|---|---|
| 001 | L146634 | ||
| 008 | 090210e20090202xxkaod f s 000 0 eng d | ||
| 035 | _a(Sirsi) u146634 | ||
| 041 | 0 | _aeng | |
| 100 | 1 | _aShah, Aditi | |
| 245 | 0 | 0 |
_aRegional report _bThames Valley |
| 260 | _c2009 | ||
| 490 |
_aProperty Week _v75(6) 2 February 2009, 59-71(8) |
||
| 520 | _aReviews news and deals from around the region. Reports on controversy over Reading Borough Council's search for new offices. Considers who will benefit from the planned Heathrow rail link. Reveals plans by the University of Reading for an 800 000 sq ft science park. | ||
| 590 | _aKA | ||
| 651 | 4 | _aThames Valley | |
| 690 | _aPROPERTY-COMMERCIAL PROPERTY-COMMERCIAL PROPERTY DEVELOPMENT | ||
| 942 | _n0 | ||
| 999 |
_c81214 _d81214 |
||